Cổ phần hoá doanh nghiệp nhà nước dưới góc nhìn của tâm lý học kinh tế /

Tallennettuna:
Bibliografiset tiedot
Päätekijä: Nguyễn Thị Kim Phương, TS.
Aineistotyyppi: Artikkeli
Kieli:Vietnamese
Aiheet:
Tagit: Lisää tagi
Ei tageja, Lisää ensimmäinen tagi!
Thư viện lưu trữ: Thư viện Trường Đại học Đà Lạt
LEADER 00827nam a2200265 4500
001 DLU090072865
005 ##20090526
040 # # |a DLU  |b vie 
041 # # |a vie 
044 # # |a vn 
100 # # |a Nguyễn Thị Kim Phương,  |c TS. 
245 # # |a Cổ phần hoá doanh nghiệp nhà nước dưới góc nhìn của tâm lý học kinh tế /  |c Nguyễn Thị Kim Phương. 
653 # # |a Doanh nghiệp nhà nước 
653 # # |a Kinh tế học 
653 # # |a Tâm lý học kinh tế 
773 # # |t Tâm lý học  |g Số 1(34), 2002, tr. 18-24 
920 # # |a Phòng Tạp chí -- Trung tâm Thông tin - Thư viện Trường Đại học Đà Lạt 
994 # # |a DLU 
900 # # |a True 
911 # # |a Nguyễn Thanh Hương 
925 # # |a G 
926 # # |a A 
927 # # |a BB 
980 # # |a Thư viện Trường Đại học Đà Lạt